000 00238nam a2200097Ia 4500
008 230915s9999 xx 000 0 und d
050 _aQE28.2H65 1969
100 _aHOLMES ,DORIS L.
245 0 _aELEMENTS OF PHYSICAL GEOLOGY
942 _cBK
999 _c191013
_d191013